000 00759nmm a2200289 a 4500
003 AR-BaBNM
005 20251128204950.0
008 076019s1987 ||||||||||||||000 | spa||
020 _a0-582-84223-9
040 _cAR-BaBNM
100 1 _aQuirk, Randolph
_cSir
245 1 0 _aLongman dictionary of contemporary English
250 _anew ed.
260 _aEssex
_bLongman
_c1987
300 _a1229 p.
_bil., tablas
500 _aContiene gramática y pronunciación
500 _aContiene conjugación de verbos irregulares
650 4 _aDICCIONARIOS
650 4 _aINGLES
650 4 _aGRAMATICA
650 4 _aFONETICA
650 4 _aLEXICOGRAFIA
655 _aREFERENCIA
700 1 _aSummers, Della
_edirector
942 _cBK
998 _cGrace
999 _c9513
_d9513